00949nam a2200265 4500003000400000005001700004008004100021040001800062041000800080050002100088100003500109245015600144264004100300300004300341336002200384337002400406338002400430490004000454650002100494650003900515650003400554650003100588700002900619700003500648OSt20260530113848.0260418b2002 xxu||||| |||| 00| 0 eng d aICIbspacICI aeng aHF5415.153 bC341 aJonathan Cagan • Craig Vogel10aCreating breakthrough products : binnovation from product planning to program approval / cJonathan Cagan, Craig M. Vogel ; foreword by Bruce Nussbaum 1bPrentice Hall ,c2002aNew Jersey :  axxxii, 302 páginas : bilustraciones atexto2rdacontent asin medio2rdamedia avolumen2rdacarrier aFinancial Times Prentice Hall books aProductos nuevos aPlanificación de la producción aAdministración de productos 2Investigación de mercado aVogel, Craig M.,,dautor aNussbaum, Bruce, dprologuista